[Event "Bremen Silvester op-B"]
[Site "Bremen"]
[Date "2022.12.27"]
[Round "2"]
[White "Hattenhauer, Klaus"]
[Black "Ebeling, Hans Juergen"]
[Result "1/2-1/2"]
[WhiteElo "1799"]
[BlackElo "1541"]
[PlyCount "86"]
[EventDate "2022.12.27"]
[EventType "swiss"]
[EventRounds "7"]
[EventCountry "GER"]
[SourceTitle "CBM 211 Extra"]
[Source "ChessBase"]
[SourceDate "2023.01.31"]
[SourceVersion "1"]
[SourceVersionDate "2023.01.31"]
[SourceQuality "1"]

1. d4 d5 2. Bf4 Nf6 3. e3 c5 4. c3 Nc6 5. h3 h6 6. Nf3 Bf5 7. Bd3 Bxd3 8. Qxd3 e6 9. Nbd2 Bd6 10. Ne5 Qc7 11. Ndf3 cxd4 12. exd4 Nd7 13. Qe3 Ncxe5 14. dxe5 Bc5 15. Qd2 Nb6 16. 0-0 Nc4 17. Qc1 g5 18. Bh2 0-0-0 19. b4 Be7 20. Nd4 Qb6 21. Rb1 Kd7 22. a4 a6 23. a5 Qa7 24. Qc2 b6 25. axb6 Nxb6 26. Ra1 Qb7 27. Rfd1 Ra8 28. Nb3 Nc4 29. Na5 Nxa5 30. Rxa5 Rac8 31. Qa4+ Qc6 32. Rxa6 Qxa4 33. Rxa4 Rxc3 34. b5 Rb8 35. Bg3 Rxb5 36. Ra7+ Rc7 37. Rda1 Rbb7 38. Ra8 Rc8 39. Rxc8 Kxc8 40. Ra8+ Rb8 41. Ra7 Rb7 42. Ra8+ Rb8 43. Ra7 Rb7 1/2-1/2

[Event "Bremen Silvester op"]
[Site "Bremen"]
[Date "2021.12.27"]
[Round "1"]
[White "Dahl, Christoph"]
[Black "Hattenhauer, Klaus"]
[Result "1-0"]
[WhiteElo "2369"]
[BlackElo "1816"]
[PlyCount "49"]
[EventDate "2021.12.21"]
[EventType "swiss"]
[EventRounds "7"]
[EventCountry "GER"]
[SourceTitle "CBM 205 Extra"]
[Source "ChessBase"]
[SourceDate "2022.01.31"]
[SourceVersion "1"]
[SourceVersionDate "2022.01.31"]
[SourceQuality "1"]

1. e4 d5 2. exd5 Qxd5 3. Nc3 Qd8 4. d4 c6 5. Bc4 Nf6 6. Nf3 Bg4 7. Bxf7+ Kxf7 8. Ne5+ Kg8 9. Nxg4 Nxg4 10. Qxg4 Qd7 11. Qe4 Na6 12. 0-0 e6 13. Bf4 Bd6 14. Bxd6 Qxd6 15. Rfe1 Nc7 16. Rad1 h5 17. Qe5 Qd7 18. Ne4 b6 19. Rd3 Rf8 20. Rg3 Rh6 21. Rg5 Rf5 22. Rxf5 exf5 23. Ng5 Rf6 24. Qxc7 Qxc7 25. Re8+ 1-0

[Event "Bremen-ch"]
[Site "Bremen"]
[Date "2019.04.15"]
[Round "4.11"]
[White "Hattenhauer, Klaus"]
[Black "Roehl, Bernd"]
[Result "1/2-1/2"]
[WhiteElo "1884"]
[BlackElo "1682"]
[PlyCount "82"]
[EventDate "2019.04.13"]
[EventType "swiss"]
[EventRounds "9"]
[EventCountry "GER"]
[SourceTitle "EXT 2020"]
[Source "ChessBase"]
[SourceDate "2019.10.17"]
[SourceVersion "1"]
[SourceVersionDate "2019.10.17"]
[SourceQuality "1"]

1. d4 d5 2. Bf4 Nf6 3. e3 c5 4. c3 Nc6 5. Bd3 Bg4 6. Qc1 Rc8 7. h3 Bh5 8. Bc2 Qa5 9. Nd2 cxd4 10. exd4 Qb6 11. Ngf3 Bg6 12. 0-0 Bxc2 13. Qxc2 Nxd4 14. Nxd4 Qxd4 15. Be3 Qe5 16. Bxa7 Qc7 17. Bd4 Nd7 18. Rfe1 f6 19. Qf5 e5 20. Be3 Kf7 21. Nf3 h6 22. Nh4 Qc6 23. Qg6+ Kg8 24. Nf5 e4 25. Nxh6+ Rxh6 26. Bxh6 Ne5 27. Qg3 Nd3 28. Re2 f5 29. Be3 Qc4 30. Rc2 Rc6 31. h4 Qa6 32. h5 Rf6 33. Bg5 f4 34. Qg4 Rf7 35. Rd2 Ne5 36. Qe2 Qe6 37. Qb5 Qg4 38. Rxd5 f3 39. g3 Nd3 40. Rxd3 exd3 41. Qxd3 Qxg5 1/2-1/2

[Event "Bremen-ch op"]
[Site "Bremen"]
[Date "2018.03.24"]
[Round "1"]
[White "Hattenhauer, Klaus"]
[Black "Hoeffer, David"]
[Result "0-1"]
[WhiteElo "1758"]
[BlackElo "2264"]
[PlyCount "110"]
[EventDate "2018.03.24"]
[EventType "swiss"]
[EventRounds "9"]
[EventCountry "GER"]
[SourceTitle "EXT 2019"]
[Source "ChessBase"]
[SourceDate "2018.10.10"]
[SourceVersion "1"]
[SourceVersionDate "2018.10.10"]
[SourceQuality "1"]

1. d4 Nf6 2. Bf4 g6 3. e3 Bg7 4. Nd2 d6 5. h3 c5 6. Bb5+ Nbd7 7. c3 0-0 8. Ngf3 a6 9. Bd3 b5 10. Rc1 Bb7 11. 0-0 Qb6 12. Re1 Rad8 13. Qe2 Rfe8 14. e4 e5 15. dxc5 Nxc5 16. Be3 Qc6 17. c4 b4 18. Bg5 h6 19. Bh4 Ne6 20. Bc2 Rc8 21. Qe3 Nh5 22. Nh2 f5 23. f3 f4 24. Qd3 Kh7 25. Bf2 Bf6 26. Nhf1 Bd8 27. g4 fxg3 28. Nxg3 Nhf4 29. Qf1 Ng5 30. Ne2 Nfxh3+ 31. Kh1 Nxf2+ 32. Qxf2 Rf8 33. Qg2 Rc7 34. Ng1 Rcf7 35. Nh3 Nxh3 36. Qxh3 Rf4 37. Kg2 Bc8 38. Qh2 Rh4 39. Qg3 Rh3 40. Qf2 Bb6 41. Ba4 Qc7 42. c5 Bxc5 43. Rxc5 dxc5 44. Rc1 Qe7 45. Rxc5 Rd8 46. Rxc8 Rxc8 47. Kxh3 h5 48. Qb6 Rc1 49. f4 Rh1+ 50. Kg2 Qh4 51. f5 Rh2+ 52. Kf1 Qf4+ 53. Kg1 Qg3+ 54. Kf1 Qg2+ 55. Ke1 Qe2# 0-1